Camera con vista

সংরক্ষণ করুন:
গ্রন্থ-পঞ্জীর বিবরন
প্রধান লেখক: Forster, Edward Morgan 1879-1970
অন্যান্য লেখক: Caramella, Marisa (traduzione di)
বিন্যাস: গ্রন্থ
ভাষা:ইংরেজি
প্রকাশিত: Milano Mondadori 1986
ট্যাগগুলো: ট্যাগ যুক্ত করুন
কোনো ট্যাগ নেই, প্রথমজন হিসাবে ট্যাগ করুন!

MARC

LEADER 00000nam a2200000 4500
005 20231208014430.0
008 231208b |||||||| |||| 00| 0 eng d
040 |c C 
100 |a Forster, Edward Morgan  |d 1879-1970 
245 |a Camera con vista 
260 |a Milano  |b Mondadori  |c 1986 
700 |a Caramella, Marisa  |c (traduzione di) 
942 |2 ddc  |c BK  |n 0 
952 |0 0  |1 0  |2 ddc  |4 0  |6 823_912000000000000_FOR_CAM  |7 1  |9 376  |a GE  |b GE  |d 2023-11-23  |l 0  |o 823.912 FOR CAM  |p 4371  |r 2023-12-08 01:10:27  |w 2023-12-08  |y BK 
999 |c 276  |d 276